000 00862nam a2200205Ii 4500
003 JO-AjNU
008 230605s9999||||xx |||||||||||||| ||und||
017 _a2004/15299
040 _aJO-AjNU
_bara
_erda
_cJO-AjNU
041 _aara
050 1 4 _aPJ7750.M8.A17 2004
100 3 _aتأليف المتنبي,
_eauthor
_911590
245 0 0 _aديوان المتنبي للشاعر المفلق والبليغ الذي بحر فضله مغرق أبي الطيب أحمد بن الحسين الشهير بالمتنبي عفي عنه آمين
264 3 1 _aالقاهرة:شركة القدس للنشر والتوزيع،2004
300 _a449ص
336 _atext
_btxt
_2rdacontent
337 _aunmediated
_bn
_2rdamedia
338 _avolume
_bnc
_2rdacarrier
650 4 _a الشعر العربي - العصر العباسي الثاني - المتنبي
_911591
999 _aA2403
_c5971
_d5971